Reliez le personnage joué par Jim Carrey à son film - Statistiques

Statistiques générales
  • Ce quiz a été pris 308 fois
  • Le résultat moyen est 5 sur 10
Statistiques - réponses
Hint Réponse % Correct
Truman Burbank The Truman Show
93%
Bruce Nolan Bruce-Tout-Puissant
84%
Le conte Olaf Les désastreuses aventures des orphelins Beaudelaire
76%
Colonel Stars and Stripes Kick-Ass 2
55%
Stanley Ipkiss The Mask
55%
Lloyd Christmas Dumb & Dumber
43%
Joel Barish Eternal Sunshine of the Spotless Mind
37%
Charlie Baileygates Fous d'Irène
28%
Carl Allen Yes Man
26%
Fletcher Reede Menteur menteur
24%
Aucun quiz correspondant
Distribution des résultats
% des personnes avec chaque résultat
Percentile par nombre de réponses
Votre historique - résultats
Vous n’avez pas pris ce quiz